University Home | Library Home | Institutional Repository

Ein Gralspiel : (Record no. 187125)

MARC details
000 -LEADER
fixed length control field 00474cam1a220018100 4500
001 - CONTROL NUMBER
control field tmp16002553
003 - CONTROL NUMBER IDENTIFIER
control field UPRA
005 - DATE AND TIME OF LATEST TRANSACTION
control field 20190830105628.0
008 - FIXED-LENGTH DATA ELEMENTS--GENERAL INFORMATION
fixed length control field 951120s1938 sz ger u
035 ## - SYSTEM CONTROL NUMBER
System control number (Sirsi) r26420
035 ## - SYSTEM CONTROL NUMBER
System control number (UPRA)tmp16002553
040 ## - CATALOGING SOURCE
Transcribing agency UPRA
100 1# - MAIN ENTRY--PERSONAL NAME
Personal name Hilm, Carl.
Linkage A90139.1
245 14 - TITLE STATEMENT
Title Ein Gralspiel :
Remainder of title in drei Akten.
260 ## - PUBLICATION, DISTRIBUTION, ETC.
Place of publication, distribution, etc. Zurich :
Name of publisher, distributor, etc. Rascher,
Date of publication, distribution, etc. [1938]
949 ## - LOCAL PROCESSING INFORMATION (OCLC)
a PT2617.I4
w lcc
i -27162
m MAIN
t BOOK
l ON-SHELF

No items available.

© 2026 - The University of Zambia Library - Koha v25.11